|
|
|
|
| LEADER |
00000nab a2200000 ar4500 |
| 001 |
vtls009959525 |
| 003 |
SK-MaSNL |
| 005 |
20260319074322.0 |
| 008 |
091013c2009 xo |||||||| 000 b|hun |
| 015 |
|
|
|a SNBRB2009/10
|2 snkbucl
|
| 038 |
|
|
|a SNKBUCL
|
| 040 |
|
|
|a DSZK
|b slo
|c DSZK
|e AACR2
|
| 041 |
0 |
|
|a hun
|
| 044 |
|
|
|a xo
|c SK
|
| 080 |
|
|
|a 37.011.3-051
|x (=511.141)
|x (437.6)
|2 2001
|
| 100 |
1 |
|
|a Juhász Dósa, János,
|d 1969-
|4 aut
|9 667976
|
| 245 |
1 |
0 |
|a Versek és pedagógusok
|c Juhász Dósa János
|
| 300 |
|
|
|b Fotogr.
|
| 650 |
0 |
7 |
|a maďarskí pedagógovia
|2 snkbucl
|9 1037462
|
| 650 |
0 |
7 |
|a povolanie učiteľa
|2 snkbucl
|9 402965
|
| 655 |
|
7 |
|a úvahy
|2 SNKPH
|9 29403
|
| 773 |
0 |
|
|t Pedagógusfórum
|g Évf. VIII, sz. 3 (2009), o. 14
|
| 852 |
|
|
|a SNK
|b KIS3GCP
|
| 852 |
|
|
|a DSZK
|b KIS3GCP
|
| 958 |
|
|
|a HU
|
| 958 |
|
|
|a SK
|
| 999 |
|
|
|c 1705830
|d 1707760
|